[Event "Turniej Bankowcow"]
[Site "?"]
[Date "2016.11.20"]
[Round "5.1"]
[White "Grycel, Kamil"]
[Black "Cajbel, Maciej"]
[Result "1-0"]
[BlackElo "2182"]
[WhiteElo "2315"]
[LiveChessVersion "1.4.8"]

1. d4 {[%clk 0:11:59]} Nf6 {[%clk 0:12:01]} 2. c4 {[%clk 0:11:58]} c5
{[%clk 0:12:02]} 3. d5 {[%clk 0:11:57]} e6 {[%clk 0:12:03]} 4. Nc3
{[%clk 0:11:57]} exd5 {[%clk 0:12:03]} 5. cxd5 {[%clk 0:11:58]} d6
{[%clk 0:12:05]} 6. Nf3 {[%clk 0:11:58]} g6 {[%clk 0:12:04]} 7. h3
{[%clk 0:11:48]} Bg7 {[%clk 0:12:05]} 8. Bf4 {[%clk 0:11:49]} O-O
{[%clk 0:12:02]} 9. e3 {[%clk 0:11:47]} Na6 {[%clk 0:11:36]} 10. Nd2
{[%clk 0:11:31]} Nc7 {[%clk 0:11:20]} 11. Nc4 {[%clk 0:10:59]} Nfe8
{[%clk 0:11:13]} 12. a4 {[%clk 0:10:54]} b6 {[%clk 0:11:10]} 13. Be2
{[%clk 0:10:11]} Ba6 {[%clk 0:11:03]} 14. O-O {[%clk 0:09:58]} Bxc4
{[%clk 0:10:39]} 15. Bxc4 {[%clk 0:09:57]} a6 {[%clk 0:10:21]} 16. Qb3
{[%clk 0:09:03]} Rb8 {[%clk 0:10:13]} 17. Rfd1 {[%clk 0:07:57]} b5
{[%clk 0:09:12]} 18. axb5 {[%clk 0:07:54]} axb5 {[%clk 0:09:13]} 19. Be2
{[%clk 0:07:26]} b4 {[%clk 0:08:20]} 20. Ne4 {[%clk 0:06:54]} h6 {[%clk 0:06:53]}
21. Bg3 {[%clk 0:06:22]} f5 {[%clk 0:06:16]} 22. Nxc5 {[%clk 0:06:13]} Kh7
{[%clk 0:05:45]} 23. Ne6 {[%clk 0:06:00]} Nxe6 {[%clk 0:05:45]} 24. dxe6
{[%clk 0:06:00]} Qf6 {[%clk 0:05:07]} 25. Ra7 {[%clk 0:05:46]} Kh8
{[%clk 0:04:24]} 26. Bc4 {[%clk 0:05:10]} Qxb2 {[%clk 0:04:17]} 27. e7
{[%clk 0:04:59]} 1-0

[Event "Turniej Bankowcow"]
[Site "?"]
[Date "2016.11.20"]
[Round "5.2"]
[White "Lupkowski, Edward"]
[Black "Pyra, Daniel"]
[Result "1/2-1/2"]
[BlackElo "2008"]
[WhiteElo "2166"]
[LiveChessVersion "1.4.8"]

1. e4 {[%clk 0:12:01]} e5 {[%clk 0:12:01]} 2. Bc4 {[%clk 0:12:02]} Nf6
{[%clk 0:12:01]} 3. d3 {[%clk 0:12:02]} d5 {[%clk 0:11:49]} 4. exd5
{[%clk 0:12:02]} Nxd5 {[%clk 0:11:50]} 5. Nf3 {[%clk 0:12:03]} Nc6
{[%clk 0:11:48]} 6. O-O {[%clk 0:12:02]} Bg4 {[%clk 0:10:54]} 7. h3
{[%clk 0:12:03]} Bh5 {[%clk 0:10:55]} 8. Re1 {[%clk 0:11:57]} Be7
{[%clk 0:10:46]} 9. g4 {[%clk 0:11:51]} Bg6 {[%clk 0:10:47]} 10. Nxe5
{[%clk 0:11:51]} Nxe5 {[%clk 0:10:27]} 11. Rxe5 {[%clk 0:11:52]} Nb6
{[%clk 0:10:25]} 12. Bb3 {[%clk 0:09:39]} O-O {[%clk 0:10:21]} 13. Qf3
{[%clk 0:08:55]} c6 {[%clk 0:09:22]} 14. Bf4 {[%clk 0:07:46]} Bf6
{[%clk 0:09:21]} 15. Nc3 {[%clk 0:07:36]} Bxe5 {[%clk 0:08:53]} 16. Bxe5
{[%clk 0:07:37]} Nd7 {[%clk 0:08:42]} 17. Bg3 {[%clk 0:07:03]} Nc5
{[%clk 0:08:36]} 18. Bc4 {[%clk 0:05:36]} Rc8 {[%clk 0:06:55]} 19. a4
{[%clk 0:05:21]} Nxa4 {[%clk 0:05:57]} 20. h4 {[%clk 0:02:52]} Nxc3
{[%clk 0:03:25]} 21. bxc3 h6 {[%clk 0:03:12]} 22. Rxa7 {[%clk 0:02:26]} Qb6
{[%clk 0:02:47]} 23. Ra3 {[%clk 0:01:52]} Qc5 {[%clk 0:02:23]} 24. Ra2
{[%clk 0:01:28]} Kh8 {[%clk 0:02:18]} 25. h5 {[%clk 0:01:16]} Bh7
{[%clk 0:02:15]} 26. Bb3 {[%clk 0:01:11]} f5 {[%clk 0:02:05]} 27. d4
{[%clk 0:01:05]} Qe7 {[%clk 0:01:36]} 28. Be5 {[%clk 0:00:59]} Qg5
{[%clk 0:01:26]} 29. Ra7 {[%clk 0:00:50]} fxg4 {[%clk 0:01:23]} 30. Qg3
{[%clk 0:00:51]} Rf3 {[%clk 0:01:12]} 31. Qg2 {[%clk 0:00:51]} Be4
{[%clk 0:01:05]} 32. Rxb7 {[%clk 0:00:46]} Rf7 {[%clk 0:01:03]} 33. Rxf7
{[%clk 0:00:41]} Bxg2 {[%clk 0:01:04]} 34. Rxg7 {[%clk 0:00:38]} Qxg7
{[%clk 0:01:05]} 35. Bxg7+ {[%clk 0:00:39]} Kxg7 36. Kxg2 Kf6 {[%clk 0:01:01]}
37. Kg3 {[%clk 0:00:41]} Kg5 {[%clk 0:01:01]} 38. Be6 {[%clk 0:00:42]} Ra8
{[%clk 0:00:54]} 39. Bxg4 {[%clk 0:00:42]} Ra3 {[%clk 0:00:56]} 40. f4+
{[%clk 0:00:39]} Kf6 {[%clk 0:00:55]} 41. Be2 {[%clk 0:00:40]} Rxc3+ 42. Bd3 Ke6
{[%clk 0:00:52]} 43. Kg4 {[%clk 0:00:42]} c5 {[%clk 0:00:48]} 44. dxc5
{[%clk 0:00:39]} Rxc5 {[%clk 0:00:49]} 45. Kf3 {[%clk 0:00:39]} Kf6
{[%clk 0:00:48]} 46. Bg6 {[%clk 0:00:39]} Rc3+ {[%clk 0:00:45]} 47. Kg4
{[%clk 0:00:37]} 1/2-1/2

[Event "Turniej Bankowcow"]
[Site "?"]
[Date "2016.11.20"]
[Round "5.3"]
[White "Dumanski, Aleksander"]
[Black "Mazurkiewicz, Michal"]
[Result "0-1"]
[BlackElo "2289"]
[WhiteElo "2150"]
[LiveChessVersion "1.4.8"]

1. d4 d6 {[%clk 0:12:01]} 2. c4 {[%clk 0:12:01]} e5 {[%clk 0:12:01]} 3. dxe5 dxe5
4. Qxd8+ {[%clk 0:11:57]} Kxd8 {[%clk 0:12:02]} 5. Nc3 {[%clk 0:11:32]} Be6
{[%clk 0:12:00]} 6. e3 {[%clk 0:11:31]} c6 {[%clk 0:11:59]} 7. Bd2
{[%clk 0:11:19]} Kc7 {[%clk 0:11:58]} 8. f4 {[%clk 0:10:57]} Nd7 {[%clk 0:11:35]}
9. Nf3 {[%clk 0:10:57]} f6 {[%clk 0:09:17]} 10. Be2 {[%clk 0:10:31]} Nh6
{[%clk 0:08:38]} 11. Ne4 {[%clk 0:08:44]} exf4 {[%clk 0:08:11]} 12. exf4
{[%clk 0:08:45]} Re8 {[%clk 0:08:12]} 13. O-O-O {[%clk 0:07:03]} Bxc4
{[%clk 0:08:11]} 14. Bxc4 {[%clk 0:07:02]} Rxe4 {[%clk 0:08:12]} 15. Bd3
{[%clk 0:06:46]} Re8 {[%clk 0:08:09]} 16. f5 {[%clk 0:06:21]} Ng4
{[%clk 0:07:13]} 17. Bf4+ {[%clk 0:05:49]} Bd6 {[%clk 0:06:48]} 18. Bxd6+
{[%clk 0:05:39]} Kxd6 {[%clk 0:06:49]} 19. Rd2 {[%clk 0:05:40]} Kc7
{[%clk 0:06:19]} 20. Nd4 {[%clk 0:05:23]} Nc5 {[%clk 0:06:13]} 21. Ne6+
{[%clk 0:05:24]} Rxe6 {[%clk 0:04:48]} 22. fxe6 {[%clk 0:05:23]} Nf2
{[%clk 0:04:49]} 23. Bxh7 {[%clk 0:03:03]} Nxh1 {[%clk 0:04:22]} 24. e7
{[%clk 0:03:04]} Re8 {[%clk 0:03:51]} 25. Re2 {[%clk 0:02:42]} Kd6
{[%clk 0:03:41]} 26. b4 {[%clk 0:02:36]} Ne6 {[%clk 0:02:36]} 27. g3
{[%clk 0:02:29]} Ng5 {[%clk 0:02:16]} 0-1

[Event "Turniej Bankowcow"]
[Site "?"]
[Date "2016.11.20"]
[Round "6.1"]
[White "Mazurkiewicz, Michal"]
[Black "Grycel, Kamil"]
[Result "0-1"]
[BlackElo "2315"]
[WhiteElo "2289"]
[LiveChessVersion "1.4.8"]

1. e4 {[%clk 0:12:00]} c5 {[%clk 0:11:58]} 2. Nf3 {[%clk 0:11:57]} e6
{[%clk 0:11:58]} 3. d3 {[%clk 0:11:46]} Nc6 {[%clk 0:11:54]} 4. Nbd2
{[%clk 0:11:47]} g6 {[%clk 0:11:38]} 5. g3 {[%clk 0:11:47]} Bg7 {[%clk 0:11:38]}
6. Bg2 {[%clk 0:11:48]} d6 {[%clk 0:11:28]} 7. O-O {[%clk 0:11:47]} Nge7
{[%clk 0:11:23]} 8. c3 {[%clk 0:11:48]} e5 {[%clk 0:11:14]} 9. Nc4
{[%clk 0:11:17]} b5 {[%clk 0:10:39]} 10. Ne3 {[%clk 0:11:17]} O-O
{[%clk 0:10:26]} 11. Nh4 {[%clk 0:10:54]} Rb8 {[%clk 0:08:18]} 12. f4
{[%clk 0:10:35]} exf4 {[%clk 0:07:43]} 13. gxf4 {[%clk 0:10:36]} f5
{[%clk 0:07:32]} 14. exf5 {[%clk 0:10:23]} gxf5 {[%clk 0:07:26]} 15. Qh5
{[%clk 0:09:54]} Bd7 {[%clk 0:05:34]} 16. Nf3 {[%clk 0:07:52]} Qe8
{[%clk 0:05:34]} 17. Qh3 {[%clk 0:07:46]} Qg6 {[%clk 0:05:05]} 18. Kh1
{[%clk 0:07:35]} Qh6 {[%clk 0:04:53]} 19. a3 {[%clk 0:05:04]} Kh8
{[%clk 0:04:42]} 20. Qxh6 {[%clk 0:03:23]} Bxh6 {[%clk 0:04:43]} 21. Nh4
{[%clk 0:03:07]} Na5 {[%clk 0:04:33]} 22. Nd5 {[%clk 0:03:08]} Rbe8
{[%clk 0:04:18]} 23. Nc7 {[%clk 0:02:54]} Rc8 {[%clk 0:04:17]} 24. Nd5
{[%clk 0:02:53]} Rce8 {[%clk 0:03:33]} 25. Nc7 {[%clk 0:02:54]} Rc8 26. Nd5 Nxd5
{[%clk 0:03:10]} 27. Bxd5 {[%clk 0:02:57]} Rce8 {[%clk 0:03:11]} 28. b4
{[%clk 0:02:49]} Bc6 {[%clk 0:03:04]} 29. Bxc6 {[%clk 0:02:49]} Nxc6 30. bxc5
dxc5 31. a4 b4 {[%clk 0:03:00]} 32. cxb4 {[%clk 0:02:49]} Nxb4 {[%clk 0:02:54]}
33. Bb2+ {[%clk 0:02:08]} Bg7 {[%clk 0:02:54]} 34. Bxg7+ {[%clk 0:02:05]} Kxg7
{[%clk 0:02:55]} 35. Rg1+ {[%clk 0:02:06]} Kh8 {[%clk 0:02:27]} 36. Rg3
{[%clk 0:02:03]} Rd8 {[%clk 0:02:19]} 37. Rh3 {[%clk 0:01:06]} Rf6
{[%clk 0:02:13]} 38. Rg1 {[%clk 0:01:00]} Nxd3 {[%clk 0:01:52]} 39. Rf3
{[%clk 0:00:31]} c4 {[%clk 0:01:46]} 40. Rgg3 {[%clk 0:00:13]} Re8
{[%clk 0:01:35]} 41. Ng2 {[%clk 0:00:13]} Re2 {[%clk 0:01:00]} 42. Ne3
{[%clk 0:00:13]} Ne1 {[%clk 0:00:51]} 43. Rf1 {[%clk 0:00:08]} c3 44. Rfg1 Rf8
{[%clk 0:00:43]} 45. Nxf5 {[%clk 0:00:11]} Ree8 {[%clk 0:00:28]} 46. Nd6
{[%clk 0:00:09]} Rd8 {[%clk 0:00:28]} 47. Ne4 {[%clk 0:00:08]} c2
{[%clk 0:00:31]} 48. Rxe1 {[%clk 0:00:11]} Rd1 {[%clk 0:00:29]} 49. Rgg1
{[%clk 0:00:12]} c1=Q {[%clk 0:00:17]} 50. Rxd1 {[%clk 0:00:14]} Qxf4
{[%clk 0:00:18]} 51. Ng3 {[%clk 0:00:15]} Qf3+ {[%clk 0:00:19]} 52. Rg2
{[%clk 0:00:13]} Qxd1+ {[%clk 0:00:20]} 0-1

[Event "Turniej Bankowcow"]
[Site "?"]
[Date "2016.11.20"]
[Round "6.2"]
[White "Cajbel, Maciej"]
[Black "Pieczonka, Marcin"]
[Result "1-0"]
[BlackElo "2046"]
[WhiteElo "2182"]
[LiveChessVersion "1.4.8"]

1. e4 {[%clk 0:12:00]} c5 {[%clk 0:12:01]} 2. Nc3 {[%clk 0:12:01]} Nc6
{[%clk 0:11:58]} 3. Bb5 {[%clk 0:12:01]} g6 {[%clk 0:11:57]} 4. Bxc6
{[%clk 0:12:01]} bxc6 {[%clk 0:11:57]} 5. f4 {[%clk 0:12:02]} Bg7
{[%clk 0:11:57]} 6. Nf3 {[%clk 0:12:02]} d6 {[%clk 0:11:37]} 7. O-O
{[%clk 0:12:00]} Bg4 {[%clk 0:11:13]} 8. d3 {[%clk 0:11:59]} e6 {[%clk 0:10:35]}
9. Qe1 {[%clk 0:11:53]} Bxf3 {[%clk 0:10:15]} 10. Rxf3 {[%clk 0:11:54]} Ne7
{[%clk 0:10:13]} 11. f5 {[%clk 0:10:47]} Bd4+ {[%clk 0:09:53]} 12. Kh1
{[%clk 0:10:32]} gxf5 {[%clk 0:09:08]} 13. exf5 {[%clk 0:10:23]} Qd7
{[%clk 0:08:37]} 14. fxe6 {[%clk 0:08:22]} Qxe6 {[%clk 0:08:20]} 15. Qf1
{[%clk 0:08:10]} O-O-O {[%clk 0:07:30]} 16. Bg5 {[%clk 0:07:47]} Rdf8
{[%clk 0:06:08]} 17. Bf6 {[%clk 0:06:43]} Rhg8 {[%clk 0:04:01]} 18. Bxd4
{[%clk 0:05:52]} cxd4 {[%clk 0:04:02]} 19. Rf6 {[%clk 0:05:38]} dxc3
{[%clk 0:02:59]} 20. Rxe6 {[%clk 0:05:33]} fxe6 {[%clk 0:03:00]} 21. Qe1
{[%clk 0:05:08]} e5 {[%clk 0:02:42]} 22. bxc3 {[%clk 0:04:55]} Rf4
{[%clk 0:02:10]} 23. Qe3 {[%clk 0:04:32]} Rgf8 {[%clk 0:02:06]} 24. g3
{[%clk 0:03:37]} Rf2 {[%clk 0:02:05]} 25. Qxa7 {[%clk 0:03:18]} Nd5
{[%clk 0:01:24]} 26. Rb1 {[%clk 0:02:41]} Rf1+ {[%clk 0:01:25]} 27. Rxf1
{[%clk 0:02:42]} Rxf1+ {[%clk 0:01:26]} 28. Kg2 {[%clk 0:02:43]} Rc1
{[%clk 0:01:25]} 29. c4 {[%clk 0:01:54]} Rxc2+ {[%clk 0:01:22]} 30. Kf3
{[%clk 0:01:45]} Nc7 {[%clk 0:00:54]} 31. Qa4 {[%clk 0:01:22]} Rxh2
{[%clk 0:00:50]} 32. Qxc6 {[%clk 0:01:21]} Rxa2 {[%clk 0:00:44]} 33. Qxd6
{[%clk 0:01:20]} Ra5 {[%clk 0:00:30]} 34. Qf8+ {[%clk 0:01:18]} Kb7
{[%clk 0:00:29]} 35. Qb4+ {[%clk 0:01:11]} Ka6 {[%clk 0:00:31]} 36. Qd6+
{[%clk 0:01:10]} Kb7 {[%clk 0:00:29]} 37. c5 {[%clk 0:01:06]} e4+
{[%clk 0:00:26]} 38. dxe4 {[%clk 0:01:00]} Ra3+ {[%clk 0:00:27]} 39. Kf4
{[%clk 0:00:57]} Rb3 {[%clk 0:00:24]} 40. e5 {[%clk 0:00:51]} Rb4+
{[%clk 0:00:23]} 41. Kf5 {[%clk 0:00:48]} h5 {[%clk 0:00:24]} 42. e6
{[%clk 0:00:35]} Rb2 {[%clk 0:00:23]} 43. e7 {[%clk 0:00:26]} Rf2+
{[%clk 0:00:23]} 44. Kg6 {[%clk 0:00:27]} Re2 {[%clk 0:00:22]} 45. c6+
{[%clk 0:00:17]} Kb6 {[%clk 0:00:20]} 46. Qd4+ {[%clk 0:00:17]} Kxc6
{[%clk 0:00:18]} 47. Qc4+ {[%clk 0:00:18]} Kd6 {[%clk 0:00:16]} 48. Qxe2
{[%clk 0:00:18]} 1-0

[Event "Turniej Bankowcow"]
[Site "?"]
[Date "2016.11.20"]
[Round "6.3"]
[White "Kowalec, Maciej"]
[Black "Lupkowski, Edward"]
[Result "0-1"]
[BlackElo "2166"]
[WhiteElo "1821"]
[LiveChessVersion "1.4.8"]

1. d4 {[%clk 0:11:34]} d6 {[%clk 0:12:01]} 2. g3 {[%clk 0:11:33]} Nf6
{[%clk 0:12:01]} 3. Bg2 {[%clk 0:11:34]} g6 {[%clk 0:12:02]} 4. c4
{[%clk 0:11:32]} Bg7 {[%clk 0:12:02]} 5. Nf3 {[%clk 0:11:32]} O-O
{[%clk 0:12:01]} 6. O-O {[%clk 0:11:32]} c6 {[%clk 0:12:02]} 7. Nc3
{[%clk 0:11:32]} Qc7 {[%clk 0:12:03]} 8. Qc2 {[%clk 0:11:11]} e5 {[%clk 0:12:03]}
9. dxe5 {[%clk 0:11:03]} dxe5 {[%clk 0:12:04]} 10. e4 Nbd7 {[%clk 0:11:10]} 11.
b3 {[%clk 0:11:04]} Re8 {[%clk 0:10:48]} 12. Rd1 {[%clk 0:10:03]} Nc5
{[%clk 0:10:09]} 13. Be3 {[%clk 0:09:41]} Bf8 {[%clk 0:08:32]} 14. h3
{[%clk 0:09:34]} a5 {[%clk 0:07:48]} 15. Rd2 {[%clk 0:08:55]} Nh5
{[%clk 0:07:04]} 16. Nh4 {[%clk 0:07:08]} f6 {[%clk 0:06:44]} 17. Rad1
{[%clk 0:06:41]} Be6 {[%clk 0:06:42]} 18. Ne2 {[%clk 0:05:49]} Ng7
{[%clk 0:05:49]} 19. g4 {[%clk 0:04:10]} Qe7 {[%clk 0:05:12]} 20. Nf3
{[%clk 0:03:39]} Bc8 {[%clk 0:04:19]} 21. Ne1 {[%clk 0:03:22]} f5
{[%clk 0:04:11]} 22. gxf5 {[%clk 0:02:28]} gxf5 {[%clk 0:04:12]} 23. exf5
{[%clk 0:02:12]} Bxf5 {[%clk 0:03:53]} 24. Bxc5 {[%clk 0:01:20]} Qxc5
{[%clk 0:03:36]} 25. Qc3 {[%clk 0:01:20]} Qb6 {[%clk 0:03:04]} 26. Ng3
{[%clk 0:01:18]} Bb4 {[%clk 0:02:46]} 27. Qf3 {[%clk 0:00:58]} Be6
{[%clk 0:02:46]} 28. Re2 {[%clk 0:00:45]} Rf8 {[%clk 0:02:03]} 29. Qd3
{[%clk 0:00:32]} Bc5 {[%clk 0:01:40]} 30. Ne4 {[%clk 0:00:27]} Bd4
{[%clk 0:01:19]} 31. Nf3 {[%clk 0:00:22]} Rad8 {[%clk 0:01:19]} 32. Qc2
{[%clk 0:00:20]} Bf5 {[%clk 0:01:14]} 33. c5 Qa6 34. Nxd4 {[%clk 0:00:11]} Rxd4
{[%clk 0:01:15]} 35. Rxd4 {[%clk 0:00:12]} exd4 {[%clk 0:01:17]} 36. Qc4+
{[%clk 0:00:09]} Qxc4 37. bxc4 Ne6 {[%clk 0:01:02]} 38. Rd2 {[%clk 0:00:12]} Bxe4
{[%clk 0:00:57]} 39. Bxe4 {[%clk 0:00:12]} Rd8 {[%clk 0:00:56]} 40. Bf5
{[%clk 0:00:06]} Nxc5 {[%clk 0:00:57]} 41. Kf1 {[%clk 0:00:07]} Kg7
{[%clk 0:00:51]} 42. Ke2 {[%clk 0:00:08]} h6 43. Bg4 Kf6 44. Kd1 Ke5
{[%clk 0:00:53]} 45. Re2+ {[%clk 0:00:10]} Kf4 {[%clk 0:00:52]} 46. Re7
{[%clk 0:00:09]} d3 {[%clk 0:00:43]} 47. Rf7+ {[%clk 0:00:07]} Ke5
{[%clk 0:00:38]} 48. Rf5+ {[%clk 0:00:08]} Kd4 {[%clk 0:00:37]} 49. Rf4+
{[%clk 0:00:06]} Kc3 {[%clk 0:00:38]} 50. Rf3 {[%clk 0:00:06]} Kxc4
{[%clk 0:00:38]} 51. Bf5 {[%clk 0:00:07]} Rd5 {[%clk 0:00:36]} 52. Bh7
{[%clk 0:00:07]} Kc3 {[%clk 0:00:35]} 53. Bg6 {[%clk 0:00:06]} Rg5
{[%clk 0:00:34]} 0-1

[Event "Turniej Bankowcow"]
[Site "?"]
[Date "2016.11.20"]
[Round "7.1"]
[White "Grycel, Kamil"]
[Black "Lupkowski, Edward"]
[Result "1/2-1/2"]
[BlackElo "2166"]
[WhiteElo "2315"]
[LiveChessVersion "1.4.8"]

1. d4 {[%clk 0:11:59]} d6 {[%clk 0:12:00]} 2. Nf3 {[%clk 0:11:54]} c6
{[%clk 0:11:56]} 3. c4 {[%clk 0:11:47]} Nf6 {[%clk 0:11:55]} 4. Nc3
{[%clk 0:11:44]} Qc7 {[%clk 0:11:56]} 5. g3 {[%clk 0:11:27]} e5 {[%clk 0:11:56]}
6. Qc2 {[%clk 0:10:51]} Be7 {[%clk 0:11:50]} 7. Bg2 {[%clk 0:10:51]} O-O
{[%clk 0:11:50]} 8. O-O {[%clk 0:10:50]} Nbd7 {[%clk 0:11:31]} 9. e3
{[%clk 0:10:31]} Re8 {[%clk 0:10:41]} 10. b3 {[%clk 0:10:24]} Bf8
{[%clk 0:10:06]} 11. Bb2 {[%clk 0:10:15]} a6 {[%clk 0:09:24]} 12. Rac1
{[%clk 0:09:57]} h5 {[%clk 0:09:00]} 13. e4 {[%clk 0:09:31]} Qb8 {[%clk 0:08:37]}
14. a4 {[%clk 0:07:13]} a5 {[%clk 0:08:38]} 15. d5 {[%clk 0:07:00]} Nc5
{[%clk 0:08:26]} 16. Ne1 {[%clk 0:06:33]} h4 {[%clk 0:08:15]} 17. Nd3
{[%clk 0:06:29]} Qa7 {[%clk 0:07:37]} 18. Rcd1 {[%clk 0:05:39]} Qb6
{[%clk 0:07:19]} 19. Nxc5 {[%clk 0:05:33]} Qxc5 {[%clk 0:07:20]} 20. Bc1
{[%clk 0:05:26]} Bg4 {[%clk 0:06:25]} 21. Rd3 {[%clk 0:05:07]} h3
{[%clk 0:05:33]} 22. Bh1 {[%clk 0:05:06]} cxd5 23. Nxd5 {[%clk 0:05:04]} Nxd5
{[%clk 0:03:14]} 24. Rxd5 {[%clk 0:05:00]} Qc7 {[%clk 0:03:06]} 25. Ba3
{[%clk 0:04:29]} Ra6 {[%clk 0:02:37]} 26. Qd2 {[%clk 0:03:49]} Rd8
{[%clk 0:02:04]} 27. Rd3 {[%clk 0:03:43]} Be7 {[%clk 0:01:55]} 28. Bf3
{[%clk 0:03:26]} Bxf3 {[%clk 0:01:27]} 29. Rxf3 {[%clk 0:03:27]} Qd7
{[%clk 0:01:18]} 30. Rd3 {[%clk 0:02:53]} Qg4 {[%clk 0:01:18]} 31. f3 Qg6 32. Rd5
{[%clk 0:02:13]} f5 {[%clk 0:01:14]} 33. Qd3 {[%clk 0:01:59]} f4 {[%clk 0:01:10]}
34. g4 {[%clk 0:01:54]} Qe8 {[%clk 0:00:42]} 35. Rd1 {[%clk 0:01:36]} Qc6
{[%clk 0:00:43]} 36. Rb5 {[%clk 0:01:35]} Rb6 {[%clk 0:00:29]} 37. Qd5+
{[%clk 0:01:25]} Qxd5 {[%clk 0:00:29]} 38. Rdxd5 {[%clk 0:01:23]} Rxb5
{[%clk 0:00:15]} 39. Rxb5 {[%clk 0:01:20]} Rd7 {[%clk 0:00:14]} 40. Rxa5
{[%clk 0:01:18]} d5 {[%clk 0:00:08]} 41. Bxe7 {[%clk 0:01:08]} dxc4
{[%clk 0:00:09]} 42. bxc4 {[%clk 0:00:43]} Rd1+ {[%clk 0:00:09]} 43. Kf2
{[%clk 0:00:40]} Rd2+ {[%clk 0:00:10]} 44. Ke1 {[%clk 0:00:22]} Rxh2
{[%clk 0:00:11]} 45. Rxe5 {[%clk 0:00:19]} g6 {[%clk 0:00:13]} 46. Bg5
{[%clk 0:00:08]} Re2+ {[%clk 0:00:13]} 47. Kxe2 {[%clk 0:00:06]} h2
{[%clk 0:00:15]} 48. Bxf4 h1=Q {[%clk 0:00:15]} 49. Be3 {[%clk 0:00:05]} Qg2+
{[%clk 0:00:13]} 50. Bf2 {[%clk 0:00:07]} Qh2 1/2-1/2

[Event "Turniej Bankowcow"]
[Site "?"]
[Date "2016.11.20"]
[Round "7.2"]
[White "Pyra, Daniel"]
[Black "Cajbel, Maciej"]
[Result "1/2-1/2"]
[BlackElo "2182"]
[WhiteElo "2008"]
[LiveChessVersion "1.4.8"]

1. e4 {[%clk 0:12:02]} c5 {[%clk 0:11:37]} 2. Nf3 {[%clk 0:12:01]} Nc6
{[%clk 0:11:29]} 3. Nc3 {[%clk 0:11:54]} g6 {[%clk 0:11:25]} 4. d4
{[%clk 0:11:54]} cxd4 {[%clk 0:11:26]} 5. Nxd4 {[%clk 0:11:55]} Bg7
{[%clk 0:11:27]} 6. Be3 {[%clk 0:11:24]} d6 {[%clk 0:11:27]} 7. Be2
{[%clk 0:11:15]} Nf6 {[%clk 0:11:28]} 8. O-O {[%clk 0:11:14]} O-O
{[%clk 0:11:28]} 9. a4 {[%clk 0:10:48]} Bd7 {[%clk 0:11:20]} 10. f4
{[%clk 0:10:13]} Qa5 {[%clk 0:09:06]} 11. Kh1 {[%clk 0:09:51]} Rad8
{[%clk 0:08:24]} 12. Bf3 {[%clk 0:09:04]} Nxd4 {[%clk 0:07:35]} 13. Bxd4
{[%clk 0:08:52]} e5 {[%clk 0:07:26]} 14. Be3 {[%clk 0:08:33]} Bc6
{[%clk 0:07:25]} 15. Nd5 {[%clk 0:07:30]} Bxd5 {[%clk 0:07:13]} 16. exd5
{[%clk 0:07:31]} e4 {[%clk 0:07:00]} 17. Be2 {[%clk 0:06:55]} Nxd5
{[%clk 0:06:24]} 18. Bd4 {[%clk 0:06:16]} Nf6 {[%clk 0:05:02]} 19. c4
{[%clk 0:04:20]} d5 {[%clk 0:04:59]} 20. c5 {[%clk 0:04:19]} Ne8 {[%clk 0:04:23]}
21. f5 {[%clk 0:04:10]} Bxd4 {[%clk 0:03:33]} 22. Qxd4 {[%clk 0:04:10]} f6
{[%clk 0:03:29]} 23. b4 {[%clk 0:03:24]} Qc7 {[%clk 0:03:30]} 24. b5
{[%clk 0:03:11]} Qe5 {[%clk 0:03:20]} 25. Rad1 {[%clk 0:02:53]} Ng7
{[%clk 0:03:03]} 26. Qxe5 {[%clk 0:02:07]} fxe5 {[%clk 0:03:04]} 27. fxg6
{[%clk 0:01:40]} hxg6 {[%clk 0:03:03]} 28. c6 {[%clk 0:01:31]} bxc6
{[%clk 0:03:00]} 29. bxc6 {[%clk 0:01:33]} Rxf1+ {[%clk 0:02:10]} 30. Bxf1
{[%clk 0:01:33]} Ne6 {[%clk 0:01:48]} 31. Bc4 {[%clk 0:01:29]} Nc7
{[%clk 0:01:15]} 32. Bb3 {[%clk 0:01:05]} Kf8 {[%clk 0:01:09]} 33. h4
{[%clk 0:00:50]} Ke7 {[%clk 0:01:10]} 34. g4 {[%clk 0:00:50]} d4 {[%clk 0:00:52]}
35. Kg2 {[%clk 0:00:49]} Rd6 {[%clk 0:00:48]} 36. Rc1 {[%clk 0:00:33]} d3
{[%clk 0:00:47]} 37. Kf2 {[%clk 0:00:31]} d2 {[%clk 0:00:39]} 38. Rd1
{[%clk 0:00:30]} Rxc6 {[%clk 0:00:27]} 39. Rxd2 {[%clk 0:00:32]} Rc3
{[%clk 0:00:27]} 40. Rc2 {[%clk 0:00:28]} 1/2-1/2

[Event "Turniej Bankowcow"]
[Site "?"]
[Date "2016.11.20"]
[Round "7.3"]
[White "Pieczonka, Marcin"]
[Black "Mazurkiewicz, Michal"]
[Result "1/2-1/2"]
[BlackElo "2289"]
[WhiteElo "2046"]
[LiveChessVersion "1.4.8"]

1. c4 {[%clk 0:12:01]} Nf6 {[%clk 0:11:59]} 2. Nc3 {[%clk 0:12:02]} g6 3. g3 Bg7
4. Bg2 O-O {[%clk 0:12:02]} 5. Nf3 {[%clk 0:12:05]} d6 {[%clk 0:12:04]} 6. O-O c5
{[%clk 0:12:04]} 7. d3 {[%clk 0:11:54]} Nc6 {[%clk 0:12:04]} 8. a3
{[%clk 0:11:35]} Rb8 {[%clk 0:12:03]} 9. Rb1 {[%clk 0:11:35]} b6 {[%clk 0:12:02]}
10. b4 {[%clk 0:11:28]} Bb7 {[%clk 0:11:49]} 11. Nd5 {[%clk 0:10:40]} Nxd5
{[%clk 0:11:39]} 12. cxd5 {[%clk 0:10:41]} Nd4 {[%clk 0:10:43]} 13. Nxd4
{[%clk 0:09:48]} cxd4 {[%clk 0:10:15]} 14. Bb2 {[%clk 0:09:39]} Qd7 15. Qb3
{[%clk 0:09:27]} a5 {[%clk 0:09:36]} 16. Rbc1 {[%clk 0:06:55]} a4
{[%clk 0:07:15]} 17. Qa2 {[%clk 0:06:13]} Rbc8 {[%clk 0:07:00]} 18. Rxc8
{[%clk 0:06:06]} Rxc8 19. Rc1 Rxc1+ {[%clk 0:04:29]} 20. Bxc1 {[%clk 0:05:52]} b5
{[%clk 0:03:01]} 21. Qc2 {[%clk 0:04:47]} Qd8 {[%clk 0:02:26]} 22. Bb2
{[%clk 0:02:23]} Bf6 {[%clk 0:02:21]} 23. e3 {[%clk 0:02:19]} dxe3 24. fxe3 Bxb2
{[%clk 0:01:36]} 25. Qxb2 {[%clk 0:02:14]} Qc7 {[%clk 0:01:32]} 26. h4
{[%clk 0:02:06]} Bc8 27. Kh2 {[%clk 0:01:43]} f5 {[%clk 0:00:49]} 28. e4
{[%clk 0:00:20]} Bd7 29. Qd4 {[%clk 0:00:20]} 1/2-1/2